000 013800000a22002290004500
020 _a0-904422-51-8 : Donación
041 0 _aSpa.
082 0 4 _aG 268.85 M1724r
100 1 _aMacPherson, John
245 1 0 _aEn las raíces de una nación : la historia del Colegio San Andrés, un colegio cristiano en Lima, Perú. / John McPherson ; traducido por Tulio Carrasco del Solar , Juan Mendoza Núñez y Edward K. Perales G.
260 _aLima : Colegio San Andrés
300 _a258 p.
500 _aTítulo original: At the Roots of a Nation. The Story of San Andrés School in Lima, Perú.
501 _aEncuadernado en rústico con pasta flexible.
505 0 0 _aEscuela y nación: raíces entrelazadas -- Preparando el suelo -- Escogiendo la tierra -- Plantando la semilla -- Asegurando el crecimiento -- La necesidad de apoyo -- Produciendo fruto -- Resistiendo la tormenta -- Afirmándose -- ¿Religioso o Bíblico? -- ¿La educación se enfrenta a la evangelización? -- ¿Sólo unos pocos privilegiados? -- Hacia el centenario -- Cronología -- Misioneros a tiempo completo.
650 1 4 _aALFABETIZACION (EDUCACION) \ INSTITUCIONES SOCIALES - Colegio \ EDUCACION - ENSEÑANZA - LIMA - HISTORIA \ EDUCACION CRISTIANA
001 17165
942 _cBK
999 _c43831
_d43831
336 _atexto
_btxt
_2rdacontent
337 _2rdamedia
_asin mediación
_bn
338 _2rdacarrier
_avolumen
_bnc